000
00330nam a2200133Ia 4500
008
240624s9999 xx 000 0 und d
041
_a
eng
082
_a
169 GEN
100
_a
GENTNER DEDRE
245
_a
ANALOGICAL MIND PERSPECTIVES FROM COGNIT
260
_c
2001
_a
science
_b
The MIT Press
300
_a
541 : p.
365
_c
_b
30
999
_c
16533
_d
16533